[Event "Titled Tuesday intern op 5th May"]
[Site "Chess.com INT"]
[Date "2020.05.05"]
[Round "4"]
[White "Quinones, Cesar Luis"]
[Black "Anisimov, Pavel"]
[Result "0-1"]
[WhiteElo "2154"]
[BlackElo "2527"]
[PlyCount "50"]
[EventDate "2020.05.05"]
[EventType "swiss (blitz)"]
[EventRounds "10"]
[EventCountry "USA"]
[SourceTitle "EXT 2021"]
[Source "ChessBase"]
[SourceDate "2020.10.23"]
[SourceVersion "1"]
[SourceVersionDate "2020.10.23"]
[SourceQuality "1"]

1. e4 c5 2. Nf3 d6 3. Bc4 e6 4. d3 Nf6 5. 0-0 Be7 6. Bb3 0-0 7. c3 d5 8. e5 Nfd7 9. d4 Nc6 10. Re1 b6 11. Nbd2 Ba6 12. Nf1 Rc8 13. Ng3 cxd4 14. cxd4 Nb4 15. Be3 Nd3 16. Re2 Bc4 17. Bxc4 dxc4 18. Ne4 b5 19. a3 Nb6 20. g3 Qd5 21. Nfd2 Rfd8 22. h4 h6 23. Rb1 Na4 24. g4 Naxb2 25. Qf1 c3 0-1